| 000 | 00648nam a22001937a 4500 | ||
|---|---|---|---|
| 003 | OSt | ||
| 005 | 20160621184225.0 | ||
| 008 | 160621b xxu||||| |||| 00| 0 eng d | ||
| 020 | _a971-550-240-7 | ||
| 040 | _cLIC | ||
| 082 |
_22009 _aDFil 331.1109599 _bH88 |
||
| 245 |
_aHuman resource development : _bthe Philippine experience : readings for the practitioner/ _cedited by Carmela D. Ortigas. |
||
| 250 | _aSecond Edition | ||
| 260 |
_aPhilippines: _bAteneo de Manila University Press, _c2009. |
||
| 300 |
_axiv, 170 pages: _billustrations; _c25 cm. |
||
| 365 |
_b456.00 _cPhp |
||
| 650 | 0 |
_910294 _aManpower policy _zPhilippines |
|
| 942 |
_2ddc _cDFIL |
||
| 999 |
_c3080 _d3080 |
||